Systhema sacramenti poenitentiae in quo proponuntur & excutiuntur variae regulae, excessus, & defectus circa absolutionem sacramentalem, manifestationem complicis, denuntiationes, poenitentias injugendas, & sigillum confessionis quod praeside eximio viro domino ac magistro nostro Joanne Liberio Hennebel sacrae theologiae doctore defendet Franciscus de Backer Bruxellensis Die 15 Julii colegio Viglii 1690

Detalles Bibliográficos
Formato: Libro
Lenguaje:Undetermined
Latin
Publicado: Lovanii : typis Guilielmi Stkyckwant, 1690.
Materias:
Colección:Banco de datos
Acervo:Biblioteca Palafoxiana. Colección bibliográfica
Descripción Física:36 p ; 4°
Tema general:Apologética
Notas:Número de localización 18552-J
LEADER 00881nam a2200169Ia 4500
008 150723s9999 xx 000 0 und d
041 0 |a lat 
050 0 |a PAFX K623 T4 
245 1 0 |a Systhema sacramenti poenitentiae in quo proponuntur & excutiuntur variae regulae, excessus, & defectus circa absolutionem sacramentalem, manifestationem complicis, denuntiationes, poenitentias injugendas, & sigillum confessionis quod praeside eximio viro domino ac magistro nostro Joanne Liberio Hennebel sacrae theologiae doctore defendet Franciscus de Backer Bruxellensis Die 15 Julii colegio Viglii 1690 
260 |a Lovanii : typis Guilielmi Stkyckwant, 1690. 
300 |a 36 p ; 4° 
500 |a Número de localización 18552-J 
501 |a encuadernado con 25 obras 
650 1 0 |a Apologética 
942 |c PALALIB 
943 |g Biblioteca Palafoxiana. Colección bibliográfica 
999 |c 1044975  |d 1044975